The demon Breed (Record no. 1507)

000 -LEADER
fixed length control field 00526nam a22001937a 4500
005 - DATE AND TIME OF LATEST TRANSACTION
control field 20210423064039.0
008 - FIXED-LENGTH DATA ELEMENTS--GENERAL INFORMATION
fixed length control field 210217b1968 ||||| |||| 00| 0 eng d
040 ## - CATALOGING SOURCE
Transcribing agency DLC
041 ## - LANGUAGE CODE
Language code of text/sound track or separate title eng
080 ## - UNIVERSAL DECIMAL CLASSIFICATION NUMBER
Universal Decimal Classification number 821.111
Item number S-34
100 ## - MAIN ENTRY--PERSONAL NAME
9 (RLIN) 946
Personal name Schmitz.James h
245 ## - TITLE STATEMENT
Title The demon Breed
Statement of responsibility, etc. Schmitz.James H
260 ## - PUBLICATION, DISTRIBUTION, ETC.
Place of publication, distribution, etc. Nev York
Name of publisher, distributor, etc. Ace books
Date of publication, distribution, etc. 1968
300 ## - PHYSICAL DESCRIPTION
Extent 214 p.:
Other physical details ill
365 ## - TRADE PRICE
Price type code 5.95 USD
650 #0 - SUBJECT ADDED ENTRY--TOPICAL TERM
9 (RLIN) 247
Topical term or geographic name entry element English literature
653 ## - INDEX TERM--UNCONTROLLED
Uncontrolled term ინგლისური ლიტერატურა
942 ## - ADDED ENTRY ELEMENTS (KOHA)
Source of classification or shelving scheme
Koha item type Books
Holdings
Withdrawn status Lost status Source of classification or shelving scheme Damaged status Not for loan Permanent location Current location Date acquired Inventory number Total Checkouts Full call number Barcode Date last seen Price effective from Koha item type
          Ken Walker International University Ken Walker International University 02/17/2021 2044   821.111 S-34 2044 02/17/2021 02/17/2021 Books

Powered by Koha